| Tag |
First Indicator |
Second Indicator |
Subfields |
| LEADER |
00000cam a2200000Mi 4500 |
| 001 |
in00005489739 |
| 006 |
m o d |
| 007 |
cr ||||||||||| |
| 008 |
200619s1793 enk fo 000 0 eng d |
| 005 |
20240917182449.1 |
| 035 |
|
|
|a (OCoLC)on1244008395
|
| 040 |
|
|
|a UKAMD
|b eng
|e rda
|e pn
|c UKAMD
|d OCLCF
|d OCLCO
|d OCLCL
|
| 035 |
|
|
|a (OCoLC)1244008395
|
| 050 |
|
4 |
|a BV630
|
| 082 |
0 |
4 |
|a 261.7
|2 23
|
| 049 |
|
|
|a TXAM
|
| 100 |
1 |
|
|a More, Hannah,
|d 1745-1833,
|e author.
|
| 245 |
1 |
0 |
|a Remarks on the speech of M. Dupont, made in the national convention of France, on the subjects of religion and public education,
|f 1793 /
|c by Hannah More.
|
| 250 |
|
|
|a The second edition.
|
| 264 |
|
1 |
|a London :
|b T. Cadell,
|c MDCCXCIII.
|
| 300 |
|
|
|a 1 online resource (2 volumes (xv, 48, vii, 275 pages)).
|
| 336 |
|
|
|a text
|b txt
|2 rdacontent
|
| 337 |
|
|
|a computer
|b c
|2 rdamedia
|
| 338 |
|
|
|a online resource
|b cr
|2 rdacarrier
|
| 490 |
1 |
|
|a AM Scholar: Women's Studies.
|
| 500 |
|
|
|a "Collection: Women, Morality and Advice Literature: Manuscripts and Rare Printed Works of Hannah More (1745-1833) and her circle"--Home page.
|
| 500 |
|
|
|a "Original Microfilm Part: Part 1: Manuscripts, First Editions and Rare Printed Works of Hannah More"--Home page.
|
| 500 |
|
|
|a "Original Microfilm Reel: 14"--Home page.
|
| 500 |
|
|
|a The second volume in the scans, not mentioned on the home page, is: The conduct of France towards Great Britain examined, with an appendix and notes / by Mr. Miles. London: G. Nicol, 1793.
|
| 521 |
|
|
|a Specialized.
|
| 535 |
1 |
|
|a The Clark Library, University of California Los Angeles
|
| 542 |
|
|
|f Material sourced from The Clark Library, University of Los Angeles.
|
| 588 |
|
|
|a Description based on online resource; title from scanned document's title page (viewed on June 19, 2020).
|
| 600 |
1 |
0 |
|a Dupont de Bigorre, Pierre-Charles-François,
|d 1740-1793.
|
| 600 |
1 |
7 |
|a Dupont de Bigorre, Pierre-Charles-François,
|d 1740-1793
|2 fast
|1 https://id.oclc.org/worldcat/entity/E39PBJq6XYkVMPTpmQdTGD6HYP
|
| 650 |
|
0 |
|a Church and state
|v Early works to 1800.
|
| 650 |
|
0 |
|a Christianity
|v Early works to 1800.
|
| 650 |
|
0 |
|a Education
|v Early works to 1800.
|
| 650 |
|
6 |
|a Église et État
|v Ouvrages avant 1800.
|
| 650 |
|
6 |
|a Christianisme
|v Ouvrages avant 1800.
|
| 650 |
|
7 |
|a Christianity
|2 fast
|
| 650 |
|
7 |
|a Church and state
|2 fast
|
| 650 |
|
7 |
|a Education
|2 fast
|
| 655 |
|
7 |
|a Electronic books.
|2 local
|
| 655 |
|
7 |
|a Early works
|2 fast
|
| 700 |
1 |
2 |
|a Miles, William Augustus,
|d 1753?-1817.
|t Conduct of France towards Great Britain examined.
|
| 710 |
2 |
|
|a Adam Matthew Digital (Firm),
|e digitiser.
|
| 758 |
|
|
|i has work:
|a Remarks on the speech of M. Dupont (Work)
|1 https://id.oclc.org/worldcat/entity/E39PCFJJ9qJWGHGCkvGvm76mHP
|4 https://id.oclc.org/worldcat/ontology/hasWork
|
| 830 |
|
0 |
|a AM Scholar: Women's Studies.
|
| 856 |
4 |
0 |
|u http://proxy.library.tamu.edu/login?url=https://www.amscholar.amdigital.co.uk/Documents/Details/WomenMoralityAndAdviceLiterature_Part1_Reel14_Vol1
|z Connect to the full text of this electronic book
|t 0
|
| 955 |
|
|
|a Adam Matthew Scholar Women's Studies
|
| 994 |
|
|
|a 92
|b TXA
|
| 999 |
f |
f |
|s 8d51e6a6-9ffc-4418-b3c4-b416fab002cb
|i 6782d7c2-03e2-4495-ad3b-bc7514f5bd87
|t 0
|
| 952 |
f |
f |
|a Texas A&M University
|b College Station
|c Electronic Resources
|d Available Online
|t 0
|e BV630
|h Library of Congress classification
|
| 998 |
f |
f |
|a BV630
|t 0
|l Available Online
|